=LDR 00000nam 2200000 4500 =001 INLIS000000000036744 =005 20130612142519 =008 ***********************************Ind** =035 ##$$0010-061300000036744 =041 ##$$a Ind =082 ##$$a 813 =090 ##$$a 813, Sai i =100 ##$$a Said, Titie =245 ##$$a Istri Jenderal Dudi, Titie Said =260 ##$$a 2000 $b Jakarta =300 ##$$a vi, 239 hlm, 18 cm =650 ##$$a Fiksi =850 ##$$a NBPNMAT